Managing global innovation : (Record no. 17394)

000 -LEADER
fixed length control field 00586cam a2200181 a 4500
020 ## - INTERNATIONAL STANDARD BOOK NUMBER
ISBN 9781422125892 (alk. paper)
040 ## - CATALOGING SOURCE
Transcribing agency DLC
082 00 - DEWEY DECIMAL CLASSIFICATION NUMBER
Classification number 658 HAR 2012 A113 Or.
100 1# - MAIN ENTRY--AUTHOR NAME
Personal name Doz, Yves L.
245 10 - TITLE STATEMENT
Title Managing global innovation :
Remainder of title frameworks for integrating capabilities around the world /
260 ## - PUBLICATION, DISTRIBUTION, ETC. (IMPRINT)
Place of publication Boston, Mass. :
Name of publisher Harvard Business Review Press,
Year of publication c2012.
300 ## - PHYSICAL DESCRIPTION
Number of Pages xxii, 249 p. ;
Dimensions 25 cm.
650 #0 - SUBJECT ADDED ENTRY--TOPICAL TERM
Topical Term Technological innovations
650 #0 - SUBJECT ADDED ENTRY--TOPICAL TERM
Topical Term Diffusion of innovations
650 #0 - SUBJECT ADDED ENTRY--TOPICAL TERM
Topical Term International business enterprises
700 1# - ADDED ENTRY--PERSONAL NAME
Personal name Wilson, Keeley.
942 ## - ADDED ENTRY ELEMENTS (KOHA)
Koha item type សៀវភៅភាសាអង់គ្លេស
952 ## - LOCATION AND ITEM INFORMATION (KOHA)
Withdrawn status [LOCAL, KOHA] 0
Holdings
Permanent Location Date acquired Koha item type Lost status Shelving location Barcode Current Location Full call number
Library Block A2018-11-19សៀវភៅភាសាអង់គ្លេស A113A36647Library Block A658 HAR 2012 A113 Or.
មជ្ឈមណ្ឌលឯការនៃសាកលវិទ្យាល័យភូមិន្ទកសិកម្មចំការដូង

Powered by Koha